|
|
|
|
| LEADER |
00000nab a2200000 a 4500 |
| 001 |
vtls000825738 |
| 003 |
SK-MaSNL |
| 005 |
20260302163037.0 |
| 008 |
180206c2003 xo 0 slo |
| 015 |
|
|
|a SNBRB2003/02-05765
|
| 035 |
|
|
|a CLN000177393
|
| 040 |
|
|
|a SNKBUCL
|b slo
|c SNKBUCL
|e AACR2
|
| 041 |
0 |
|
|a slo
|
| 044 |
|
|
|a xo
|c SK
|
| 080 |
|
|
|a 796.322.093.1
|2 UDC-MRF-SK2
|
| 100 |
0 |
|
|a (etr)
|4 aut
|9 863708
|
| 245 |
1 |
0 |
|a ŠKP dostal v domácom "ringu" k.o., play-off sa vzďaľuje
|b HIL - 23. kolo: Sečovce v Prešove odolávali, ale napokon opäť prehrali
|c [autor] (etr)
|
| 300 |
|
|
|b Fotogr.
|
| 650 |
0 |
7 |
|a hádzaná
|x muži
|x HIL
|x kolo 23.
|y sezóna 2002/2003
|2 snkbucl
|9 862071
|
| 655 |
|
7 |
|a články z novín a časopisov
|2 snkbucl
|9 267496
|
| 773 |
0 |
|
|x 0139-7001
|t Šport
|g Roč. 57, č. 42 (20.2.2003), s. 13
|
| 850 |
|
|
|a Slovenská národná knižnica v Martine
|
| 852 |
|
|
|a SNK
|b KIS3GCP
|
| 958 |
|
|
|a RBX
|
| 999 |
|
|
|c 1382102
|d 1384032
|